Surveying Climate-Relevant Behavior (Record no. 27132)
[ view plain ]
| 000 -LEADER | |
|---|---|
| fixed length control field | 00656nam a2200121Ia 4500 |
| 008 - FIXED-LENGTH DATA ELEMENTS--GENERAL INFORMATION | |
| fixed length control field | 220620s9999||||xx |||||||||||||| ||und|| |
| 100 ## - MAIN ENTRY--PERSONAL NAME | |
| Personal name | Hadler, Markus||Klösch, Beate||Schwarzinger, Stephan||Schweighart, Markus||Wardana, Rebecca||Bird, David Neil |
| 245 #0 - TITLE STATEMENT | |
| Title | Surveying Climate-Relevant Behavior |
| Remainder of title | Measurements, Obstacles, and Implications |
| 546 ## - LANGUAGE NOTE | |
| Language note | English[eng] |
| 650 ## - SUBJECT ADDED ENTRY--TOPICAL TERM | |
| Topical term or geographic name entry element | climate research||environmental sociology||survey research||environmental behaviour||environmental attitudes||carbon footprint||climate||survey methods||Open Access |
| 856 ## - ELECTRONIC LOCATION AND ACCESS | |
| Uniform Resource Identifier | <a href="https://library.oapen.org/bitstream/20.500.12657/51946/1/978-3-030-85796-7.pdf">https://library.oapen.org/bitstream/20.500.12657/51946/1/978-3-030-85796-7.pdf</a> |
| 942 ## - ADDED ENTRY ELEMENTS (KOHA) | |
| Koha item type | E-Books |
| Withdrawn status | Lost status | Damaged status | Not for loan | Home library | Current library | Date acquired | Total Checkouts | Date last seen | Price effective from | Koha item type |
|---|---|---|---|---|---|---|---|---|---|---|
| Kerala University of Digital Sciences, Innovation and Technology Knowledge Centre | Kerala University of Digital Sciences, Innovation and Technology Knowledge Centre | 20/06/2022 | 20/06/2022 | 20/06/2022 | E-Books |